| 000 | 01009cam a2200265 a 4500 | ||
|---|---|---|---|
| 001 | 000007472 | ||
| 005 | 20200929154201.0 | ||
| 008 | 930323s1996 sp a b 001 0 spa | ||
| 020 | _a8420695696 (t. 4) | ||
| 035 | _a(DLC) 93130079 | ||
| 040 |
_aDO-SdBNP _bspa _cDLC _dBNPHU |
||
| 082 |
_a946 _bA579h |
||
| 100 | 1 |
_aAnes, Gonzalo, _q(Gonzalo Anes Álvarez de Castrillón), _d1931- _920765 |
|
| 245 | 1 | 0 |
_aHistoria de España : _bdirigida por Miguel Artola / _cGonzalo Anes. |
| 260 |
_aMadrid : _bAlianza, _c1996. |
||
| 300 |
_av. <4, 6 > : _bil. ; _c24 cm. |
||
| 500 | _aLam biblioteca posee el tomo cuatro. | ||
| 504 | _aIncludes bibliographical references and indexes. | ||
| 505 | 1 | _a-- 4. El siglo de las luces / Gonzalo Anes -- 6. Restauración la crisis de la monarquía (1874-1931) / Miguel Martínez Cuadrado | |
| 651 | 4 |
_aEspaña _xHistoria _98844 |
|
| 700 | 1 |
_aArtola, Miguel. _920766 |
|
| 730 | 0 |
_aHistoria de España Alfaguara. _920767 |
|
| 910 | _aCatalogación por copia / LC | ||
| 049 | _aBNGR | ||
| 999 |
_c7253 _d7253 |
||